[Event "Schleswig Holstein-ch Seniors op 11th"]
[Site "Buesum"]
[Date "2017.09.12"]
[Round "5"]
[White "Fleischer, Matthias"]
[Black "Wulf, Adalbert"]
[Result "1-0"]
[WhiteElo "1926"]
[BlackElo "1823"]
[PlyCount "91"]
[EventDate "2017.09.08"]
[EventType "swiss"]
[EventRounds "9"]
[EventCountry "GER"]
[SourceTitle "EXT 2019"]
[Source "ChessBase"]
[SourceDate "2018.10.10"]
[SourceVersion "1"]
[SourceVersionDate "2018.10.10"]
[SourceQuality "1"]

1. d4 Nf6 2. Nf3 d5 3. Bg5 e6 4. e3 Be7 5. Bxf6 Bxf6 6. Bd3 c5 7. c3 Qc7 8. Nbd2 0-0 9. h4 e5 10. dxe5 Bxe5 11. Ng5 f5 12. f4 Bf6 13. Qh5 g6 14. Qf3 Qd6 15. 0-0-0 Be6 16. Nc4 Qe7 17. Ne5 Nc6 18. Qg3 Nxe5 19. fxe5 Bxg5 20. hxg5 Rf7 21. Rh6 Rc8 22. Kb1 Rg7 23. Rdh1 c4 24. Bc2 b5 25. a3 a5 26. Qh4 b4 27. axb4 axb4 28. Kc1 bxc3 29. bxc3 Qa7 30. Kd2 Qc7 31. g4 Rf8 32. Qh2 Qe7 33. Qh4 Bd7 34. Qh2 Rff7 35. Rb1 Qxg5 36. Rb8+ Rf8 37. Rxf8+ Kxf8 38. Rxh7 Be6 39. Rh8+ Rg8 40. gxf5 gxf5 41. Rxg8+ Kxg8 42. Ke2 Kg7 43. Kf2 Kf8 44. Qh8+ Ke7 45. Ba4 Qg8 46. Qf6# 1-0